000 00397 a2200169 4500
001 175330
020 _a85-329-0132-8
040 _cMagnum
100 _aCarvalho, Rosângela Miranda de
240 1 0 _aEspaço em construção 4
_lpor
245 1 0 _aEspaço em construção 4
300 _a191
362 0 _a1995
440 1 _a
697 _aHISTÓRIA - GEOGRAFIA - BIOGRAFIAS
942 _cBK
999 _c175330
_d175330